Representations of algebras and related topics /

Guardado en:
Autor Corporativo: International Conference on Representations of Algebras Toronto, Ont.)
Otros Autores: Buchweitz, Ragnar-Olaf, 1952-, Lenzing, Helmut.
Formato: Libro
Idioma:English
Publicado: Providence, R.I. : American Mathematical Society, c2005.
Series:Fields Institute communications ; v. 45.
Materias:
Etiquetas: Agregar Etiqueta
Sin Etiquetas, Sea el primero en etiquetar este registro!
LEADER 03632cam a22003014a 4500
001 MAT.inmabb004522
008 041117s2005####riu######b####100#0#eng##
005 20150929173410.0
245 1 0 |a Representations of algebras and related topics /  |c Ragnar-Olaf Buchweitz, Helmut Lenzing, editors. 
260 |a Providence, R.I. :  |b American Mathematical Society,  |c c2005. 
300 |a xvii, 396 p. ;  |c 27 cm. 
490 1 |a Fields Institute communications ;  |v 45 
500 |a "Tenth International Conference on Representations of Algebras and Related Topics (ICRA X) took place at the Field Institute in Toronto, Canada from July 15 to August 10, 2002"--Preface. 
504 |a Incluye referencias bibliográficas. 
505 0 |a Edson R. Alvares and Flávio U. Coelho, On translation quivers with weak sections -- Hideto Asashiba, Realization of general and special linear algebras via Hall algebras -- R. Bautista [Raymundo Bautista] and L. Salmerón, On discrete and inductive algebras -- R. Bautista [Raymundo Bautista] and R. Zuazua [Rita E. Zuazua Vega], Exact structures for lift categories -- Georgia Benkart and Dongho Moon, Tensor product representations of Temperley-Lieb algebras and Chebyshev polynomials -- David Benson [David John Benson], Henning Krause and Stefan Schwede, Introduction to realizability of modules over Tate cohomology -- Josée Bilodeau, Auslander algebras and simple plane curve singularities -- Igor Burban and Yuriy Drozd [Yu. A. Drozd], On derived categories of certain associative algebras -- Ch. Geiß [Christof Geiss] and I. Reiten, Gentle algebras are Gorenstein -- Jin Yun Guo, On the primeness of an Artin-Schelter regular Koszul algebra -- Dieter Happel and Luise Unger, On the set of tilting objects in hereditary categories -- Lutz Hille, Irreducible components, nilpotent classes, and the Auslander algebra of k[T]/Tn -- Mitsuo Hoshino and Kenji Nishida, A generalization of the Auslander formula -- Andrew Hubery, Representations of a quiver with automorphism: generalising a theorem of Kac -- Kiyoshi Igusa and Gordana Todorov, On the finitistic global dimension conjecture for Artin algebras -- O. Khomenko, Some applications of Gelfand-Zetlin modules -- Dirk Kussin, A tubular algebra with three types of separating tubular families -- Viktor Levandovskyy, PBW bases, non-degeneracy conditions and applications -- Dag Madsen, Projective dimensions and Nakayama algebras -- František Marko, Borel subalgebras of extension algebras -- František Marko, Extension algebras of standard modules -- Roberto Martínez Villa and Alex Martsinkovsky, Cohomology of tails and stable cohomology over Koszul quiver algebras -- Amnon Neeman, A survey of well generated triangulated categories -- Masahisa Sato, Oneway hereditary rings -- Mary Schaps, Deformations, tiltings, and decomposition matrices -- Ralf Schiffler, On the multiplication in the quantized enveloping algebra of type A -- Alexander Zavadskij, Equipped posets of finite growth. 
510 4 |a MR,  |c 2006d:16001 
020 |a 0821834150 
111 2 |a International Conference on Representations of Algebras  |n (10th :  |d 2002 :  |c Toronto, Ont.) 
700 1 |a Buchweitz, Ragnar-Olaf,  |d 1952- 
700 1 |a Lenzing, Helmut. 
810 2 |a Fields Institute for Research in Mathematical Sciences. 
830 0 |a Fields Institute communications ;  |v v. 45. 
650 0 |a Representations of algebras  |v Congresses. 
084 |a 16-06 (16G20 16G50 16G70 14L30 18F20 18G20 18E30 17B37)  |2 msc2000 
010 |a  2004062747 
040 |a DLC  |c DLC  |d DLC 
859 |h 16  |i ICRA-10  |p A-8446  |b BIB. MATEMATICA 
859 |h 16  |i ICRA-10  |p A-8913  |t Ej. 2  |b BIB. MATEMATICA